Alternative education: (Record no. 15283)

MARC details
000 -LEADER
fixed length control field 00960nam a22002537a 4500
005 - DATE AND TIME OF LATEST TRANSACTION
control field 20080626104633.0
008 - FIXED-LENGTH DATA ELEMENTS--GENERAL INFORMATION
fixed length control field 080618t xxu||||| |||| 00| 0 eng d
010 ## - LIBRARY OF CONGRESS CONTROL NUMBER
LC control number ENG-90865
020 ## - INTERNATIONAL STANDARD BOOK NUMBER
Terms of availability 400.00
International Standard Book Number 8188631558
035 ## - SYSTEM CONTROL NUMBER
System control number EN-74398
037 ## - SOURCE OF ACQUISITION
Source of stock number/acquisition DBAD / PUB
040 ## - CATALOGING SOURCE
Original cataloging agency DPL
Language of cataloging English
082 ## - DEWEY DECIMAL CLASSIFICATION NUMBER
Classification number 371.040954
100 ## - MAIN ENTRY--PERSONAL NAME
Personal name Singh, A.K.
245 ## - TITLE STATEMENT
Title Alternative education:
Statement of responsibility, etc by A.K. Singh
Remainder of title challenges and prospects /
260 ## - PUBLICATION, DISTRIBUTION, ETC. (IMPRINT)
Place of publication, distribution, etc Delhi
Name of publisher, distributor, etc Kunal Prakashan
Date of publication, distribution, etc 2008
270 ## - ADDRESS
Address L-45, Gali No. 5, Shivaji Marg, Kargtar Nagar
City Delhi
Postal code 110053
300 ## - PHYSICAL DESCRIPTION
Extent viii, 280p.
Dimensions 23 cm (Hb)
500 ## - GENERAL NOTE
General note Includes bibliographical references and index
650 ## - SUBJECT ADDED ENTRY--TOPICAL TERM
Topical term or geographic name as entry element Non-formal education
Geographic subdivision India
650 ## - SUBJECT ADDED ENTRY--TOPICAL TERM
Topical term or geographic name as entry element Educational innovations
Geographic subdivision India
942 ## - ADDED ENTRY ELEMENTS (KOHA)
Koha item type English Books
Source of classification or shelving scheme Dewey Decimal Classification
Call number suffix SIN
Classification part 371.040954
Holdings
Withdrawn status Lost status Damaged status Not for loan Collection code Home library Current library Date acquired Cost, normal purchase price Total Checkouts Full call number Barcode Date last seen Cost, replacement price Price effective from Koha item type
      Not For Loan Non-fiction D.B.Act.Division D.B.Act.Division 02/09/2008 400.00   371.040954 SIN EN-74398 15/09/2008 400.00 15/09/2008 English Books

© Delhi Public Library
Hit Counter
free hit counter